MARC

LEADER 00000nam0a2200000 4500
001 330685
005 20231102004302.0
035 |a (RuTPU)RU\TPU\book\356473 
035 |a RU\TPU\book\356470 
035 |a RU\TPU\book\283517 
090 |a 330685 
100 |a 20170410d1979 k y0rusy5003 ca 
101 0 |a rus 
102 |a RU 
105 |a a z 001zy 
200 1 |a Град и градовые процессы в Средней Азии  |e [сборник научных трудов]  |f Государственный комитет СССР по гидрометеорологии ; Среднеазиатский региональный научно-исследовательский институт им. В. А. Бугаева (САНИИ) ; под ред. Г. К. Сулаквелидзе ; В. П. Курбаткиной 
210 |a Москва  |c Гидрометеоиздат  |d 1979 
215 |a 103 с.  |c ил. 
225 1 |a Труды Среднеазиатского регионального научно-исследовательского гидрометеорологического ин-та им. В. А. Бугаева (САНИИ)  |v Вып. 55 (136) 
320 |a Библиогр. в конце статей 
606 1 |a Град  |x Наблюдения  |2 stltpush  |3 (RuTPU)RU\TPU\subj\8459  |9 35868 
610 1 |a градовые процессы 
610 1 |a Средняя Азия 
610 1 |a наблюдения 
610 1 |a прогнозирование 
610 1 |a синоптические условия 
610 1 |a радиолокационные методы 
610 1 |a облака 
610 1 |a отражаемость 
610 1 |a облачность 
675 |a 551.578.7  |v 3 
702 1 |a Сулаквелидзе  |b Г. К.  |4 340 
702 1 |a Курбаткина  |b В. П.  |4 340 
712 0 2 |a Государственный комитет СССР по гидрометеорологии  |2 stltpush  |3 (RuTPU)RU\TPU\col\18282  |9 26959 
712 0 2 |a Среднеазиатский региональный научно-исследовательский институт им. В. А. Бугаева (САНИИ)  |2 stltpush  |3 (RuTPU)RU\TPU\col\10606 
801 0 |a RU  |b RuMRKP  |c 19950704  |g psbo 
801 1 |a RU  |b 63413507  |c 20150821 
801 2 |a RU  |b 63413507  |c 20170615  |g RCR 
942 |c BK